00426nam a2200157Ia 4500003000400000005001700004008004100021040000900062082002000071100002000091245003900111260004800150300000900198942004600207999001500253OSt20200116114135.0190216s9999||||xx |||||||||||||| ||und|| coclc a658.1511bGUP/M aGupta, S P9766 0aManagement Accounting /cS P Gupta bSahithya Bhawan Publications,c2001.aAgra: a699p cBK2ddch658.1511iGUP/Mk658.1511mGUP/M c5564d5564